000 00382 a2200157 4500
005 20250416095633.0
020 _a0 273 02561 9
082 _a657. 42 OWL
100 _aOWLER, W. J.
245 _aCost Accounting
250 _a15th Ed.
260 _aLondon,
_bPitman,
_c1984.
300 _ax, 706p.: ill.; figure, table.
_bIndex.
_c23cm.
700 _aBROWN, J. L.
942 _2ddc
_cBKS
999 _c1506
_d1506